[Event "Las Palmas op"]
[Site "Las Palmas"]
[Date "2005.11.28"]
[Round "5.6"]
[White "Balcerak, Philipp"]
[Black "Cramling, Pia"]
[Result "1/2-1/2"]
[WhiteElo "2231"]
[BlackElo "2492"]
[PlyCount "41"]
[EventDate "2005.11.25"]
[EventType "swiss"]
[EventRounds "9"]
[EventCountry "ESP"]
[SourceTitle "CBM 109 Extra"]
[Source "ChessBase"]
[SourceDate "2006.01.03"]
[SourceVersion "2"]
[SourceVersionDate "2006.01.03"]
[SourceQuality "1"]

1. e4 c5 2. Nf3 e6 3. d4 cxd4 4. Nxd4 a6 5. Bd3 Bc5 6. Nb3 Ba7 7. Qg4 Nf6 8. Qg3 d6 9. 0-0 Nc6 10. Nc3 Ne5 11. Be2 h5 12. Bg5 Bd7 13. Rad1 Qc7 14. Bf4 Nfg4 15. Bxg4 hxg4 16. Rxd6 Qxd6 17. Bxe5 Qxe5 18. Qxe5 Bb8 19. Qxg7 Bxh2+ 20. Kh1 Be5+ 21. Qxh8+ 1/2-1/2

[Event "Las Palmas op"]
[Site "Las Palmas"]
[Date "2005.11.26"]
[Round "3.16"]
[White "Balcerak, Philipp"]
[Black "Torres Ventosa, Pedro Eugenio"]
[Result "1/2-1/2"]
[WhiteElo "2231"]
[BlackElo "2023"]
[PlyCount "75"]
[EventDate "2005.11.25"]
[EventType "swiss"]
[EventRounds "9"]
[EventCountry "ESP"]
[SourceTitle "CBM 109 Extra"]
[Source "ChessBase"]
[SourceDate "2006.01.03"]
[SourceVersion "2"]
[SourceVersionDate "2006.01.03"]
[SourceQuality "1"]

1. e4 c5 2. Nf3 d6 3. d4 cxd4 4. Nxd4 Nf6 5. Nc3 a6 6. Be3 e5 7. Nb3 Be6 8. f3 Nbd7 9. g4 Be7 10. Qd2 Nb6 11. g5 Nh5 12. Nd5 Nxd5 13. exd5 Bf5 14. Na5 Qc7 15. c4 0-0 16. b4 Rfe8 17. Rc1 Nf4 18. h4 Rad8 19. Kf2 g6 20. a3 Bf8 21. Be2 Bg7 22. Rhd1 Nh3+ 23. Kg2 Qe7 24. c5 e4 25. f4 Nxf4+ 26. Bxf4 e3 27. Qxe3 Qd7 28. Qf2 Rxe2 29. Qxe2 Re8 30. Qf2 Bh3+ 31. Kh2 Re4 32. Re1 Bd4 33. Qg3 Qf5 34. Rxe4 Qxe4 35. Kxh3 Qf5+ 36. Kh2 Qxd5 37. cxd6 Qa2+ 38. Qg2 1/2-1/2

[Event "Las Palmas op"]
[Site "Las Palmas"]
[Date "2005.11.26"]
[Round "2.3"]
[White "Krivoshey, Sergei"]
[Black "Balcerak, Philipp"]
[Result "1-0"]
[WhiteElo "2533"]
[BlackElo "2231"]
[PlyCount "61"]
[EventDate "2005.11.25"]
[EventType "swiss"]
[EventRounds "9"]
[EventCountry "ESP"]
[SourceTitle "CBM 109 Extra"]
[Source "ChessBase"]
[SourceDate "2006.01.03"]
[SourceVersion "2"]
[SourceVersionDate "2006.01.03"]
[SourceQuality "1"]

1. d4 d5 2. c4 c6 3. Nf3 Nf6 4. e3 Bg4 5. Nc3 e6 6. h3 Bxf3 7. Qxf3 Nbd7 8. Bd2 Bd6 9. g4 dxc4 10. Bxc4 Nb6 11. Bb3 Qe7 12. a3 Nfd7 13. Ne4 0-0 14. 0-0 a5 15. Nxd6 Qxd6 16. Rad1 e5 17. Bc3 Qe7 18. dxe5 Nxe5 19. Qf4 Nbd7 20. Rd2 Rfe8 21. Rfd1 Nc5 22. Bxe5 Nxb3 23. Rd7 Qxe5 24. Qxf7+ Kh8 25. Qxb3 b5 26. Qc2 Rac8 27. R1d6 c5 28. Rh6 Qe4 29. Qxe4 Rxe4 30. Rc6 Ree8 31. Rcc7 1-0

[Event "GER-chT U20"]
[Site "Cologne"]
[Date "2004.12.29"]
[Round "6.2"]
[White "Balcerak, Philipp"]
[Black "Hellwig, Tobias"]
[Result "1/2-1/2"]
[WhiteElo "2210"]
[BlackElo "1959"]
[PlyCount "65"]
[EventDate "2004.12.27"]
[EventType "team"]
[EventRounds "7"]
[EventCountry "GER"]
[SourceTitle "CBM 104 Extra"]
[Source "ChessBase"]
[SourceDate "2005.03.01"]
[SourceVersion "1"]
[SourceVersionDate "2005.03.01"]
[SourceQuality "1"]
[WhiteTeam "Koeln Porz U20"]
[BlackTeam "Hettstedt (U20)"]
[WhiteTeamCountry "GER"]
[BlackTeamCountry "GER"]

1. e4 Nf6 2. e5 Nd5 3. d4 d6 4. Nf3 dxe5 5. Nxe5 Nd7 6. Nf3 N7f6 7. c4 Nb6 8. h3 Bf5 9. Be2 e6 10. 0-0 Be7 11. Nc3 0-0 12. Be3 Rc8 13. a3 c5 14. b3 a6 15. Ra2 Qc7 16. Qc1 Nbd7 17. Rd1 Rfd8 18. Nh4 Bg6 19. Nxg6 hxg6 20. Rad2 cxd4 21. Bxd4 Nc5 22. Bxc5 Qxc5 23. b4 Qe5 24. Rxd8+ Rxd8 25. Rxd8+ Bxd8 26. Qe3 Qxe3 27. fxe3 Nd7 28. c5 Kf8 29. Ne4 Bc7 30. c6 bxc6 31. Bxa6 Ke7 32. Kf2 Bb6 33. a4 1/2-1/2